000 00288 a2200097 4500
999 _c18896
_d18896
003 WA 310
005 20180131143640.0
008 180131s1970 pl f u |000 0 pol d
040 _aWA 310/bw
_cWA 310/bw
245 0 0 _aPomiary wysokonapięciowe. Próby napięciem łączeniowym - PN-70/E-04067 /
_cPolski Komitet Normalizacyjny.
246 1 3 _aPN-70/E-04067
246 1 3 _a621.317.3.027.3
260 _aWarszawa :
_bPKN,
_c1970.
300 _a20 stron ;
_c30 cm.
650 _aPolska norma
710 _aPolska.
_bPolski Komitet Normalizacyjny.
_eInstytucja sprawcza
_eWydawca
_4pbl
_91107
942 _2ddc
_cBK